| 000 -LEADER |
| fixed length control field |
00752nam a22001817a 4500 |
| 005 - DATE AND TIME OF LATEST TRANSACTION |
| control field |
20240319144530.0 |
| 008 - FIXED-LENGTH DATA ELEMENTS--GENERAL INFORMATION |
| fixed length control field |
240319s2004 ru ||||| |||| 00| 0 rus d |
| 020 ## - INTERNATIONAL STANDARD BOOK NUMBER |
| International Standard Book Number |
5985800040 |
| 041 ## - LANGUAGE CODE |
| Language code of text/sound track or separate title |
rus |
| 080 ## - UNIVERSAL DECIMAL CLASSIFICATION NUMBER |
| Universal Decimal Classification number |
737.929 M-77 |
| 245 ## - TITLE STATEMENT |
| Title |
Монеты и медали: |
| Remainder of title |
(Сборник статей по материалам коллекции отдела нумизматики ГМИИ им. А.С. Пушкина.) Выпуск II |
| Statement of responsibility, etc. |
Pед. Н.М. Смирнова, |
| 264 ## - PRODUCTION, PUBLICATION, DISTRIBUTION, MANUFACTURE, AND COPYRIGHT NOTICE |
| Place of production, publication, distribution, manufacture |
М.: |
| Date of production, publication, distribution, manufacture, or copyright notice |
2004. |
| 300 ## - PHYSICAL DESCRIPTION |
| Extent |
268 с.: |
| Other physical details |
ил. |
| Dimensions |
27 см. |
| 653 ## - INDEX TERM--UNCONTROLLED |
| keyword |
მონეტები და მედლები |
| 653 ## - INDEX TERM--UNCONTROLLED |
| keyword |
ნუმიზმატიკა |
| 700 ## - ADDED ENTRY--PERSONAL NAME |
| Personal name |
Смирнова, Н.М. |
| Relator term |
რედაქტორი |
| 9 (RLIN) |
21471 |
| 942 ## - ADDED ENTRY ELEMENTS (KOHA) |
| Source of classification or shelving scheme |
|
| Koha item type |
წიგნი |